000 00231nam a2200097Ia 4500
008 170619s9999 xx 000 0 und d
100 _aSingh R P
245 3 _aAn Anthologh of English Essays
260 _bOxford Uni. Press
260 _c2004
546 _aENGLISH
999 _c17348
_d17348